LEADER 01125nam a2200229 i 4500 001 000000090822 003 CaOOAMICUS 005 20151221000000.0 008 151221s1869 xx u000 u fre u 013 $a63064 040 $aSeMil$bita 100 1 $aHérambourg, Pierre,$d<1661-1720>.$0(OLS)http://semarc/name/40742 245 13$aLe révérend père Jean Eudes apôtre des SS. Coeurs de Jésus et de Marie, ... ses vertus /$cpar le r.-p. Hérambourg. 250 $aNouvelle éd., entièrement revue / par le R.-P. A. Le Doré. 260 $aVenezia :$bGiuseppe Antonelli,$c1869. 300 $a632 p., [1] c. di tav. :$britr. ;$c22 cm. 600 14$aEudes, Jean .$0(OLS)http://semarc/subject/9874 700 1 $aLe Doré, Ange <1834-1919>.$0(OLS)http://semarc/name/40743 850 $aSeMil 852 $aSeMil$W1$xVenegono$y1$m3H III 21 FA$j53789$B53789$CSeMilBibl$Z2$F58423 $8I 996 $6245$aLe révérend père Jean Eudes apôtre des SS. Coeurs de Jésus et de Marie, ... ses vertus$9(OLS)http://semarc/title/136850 996 $6260$aVenezia :$bGiuseppe Antonelli$9(OLS)http://semarc/publisher/32487 LEADER 01062nam a2200253 i 4500 001 000000118450 003 CaOOAMICUS 005 20030930000000.0 008 030930s1977 it u000 u ita u 013 $a91143 040 $aSeMil$bita 100 1 $aSturzo, Mario .$0(OLS)http://semarc/name/415 245 13$aIl Vescovo Sturzo :$bepistolario spirituale : note biografiche /$cMons. Paolino Stella. 260 $aCatania :$bMongibello,$cstampa 1977. 300 $a221 p. ;$c22 cm. 500 $aFondo Card. C.M. Martini. 650 4$aSturzo, Mario - Scritti.$0(OLS)http://semarc/subject/21936 700 1 $aStella, Paolino.$0(OLS)http://semarc/name/23887 850 $aSeMil 852 $aSeMil$W1$xVenegono$y1$m2C I 340$j73754$B73754$CSeMilBibl$Z2$F84161 $81 941 1 $a4 961 $aOmaggio: Martini Card. Carlo Maria 996 $6245$aIl Vescovo Sturzo :$bepistolario spirituale : note biografiche$9(OLS)http://semarc/title/174007 996 $6260$aCatania :$bMongibello$9(OLS)http://semarc/publisher/44655